| 000 | 00645nam a2200193 i 4500 | ||
|---|---|---|---|
| 001 | 26614 | ||
| 003 | ES-MaACL | ||
| 005 | 20230906153455.0 | ||
| 007 | t| | ||
| 008 | 030109s1967 sp ||||1| spa d | ||
| 100 | 1 |
_aArranz Alvarez, Leopoldo. _923220 |
|
| 245 | 1 | 3 |
_aEl problema de la seguridad social del clero / _cLeopoldo Arranz, Juan Béjar. |
| 260 |
_aMadrid : _bInstituto Nacional de Previsión, _c1967. |
||
| 300 |
_a116 p. ; _c24 cm. |
||
| 650 | 4 |
_aClero- _xSeguridad social- _zEspaña. _9154376 |
|
| 700 | 1 |
_aBéjar, Juan. _9154377 |
|
| 710 | 2 |
_aInstituto Nacional de Previsión (España) _95180 |
|
| 852 |
_aES-MaACL _jC-32998 _bR.63691 |
||
| 999 |
_c26614 _d26614 |
||